Countries that start with D. - Statistics

General Stats
  • This quiz has been taken 41 times
  • The average score is 5 of 5
Answer Stats
Hint Answer % Correct
Europe Denmark
100%
Africa Djibouti
93%
North America Dominica
90%
North America Dominican Republic
90%
Africa Democratic Republic of the Congo
78%
No matching quizzes found
Score Distribution
Percent of People with Each Score
Percentile by Number Answered
Your Score History
You have not taken this quiz